The Keith Downs Quiz Stats

Quiz not verified by Sporcle

Challenge
Share
Tweet
Embed
Score 0/10 Timer 03:00
0 Plays Today
hint Answer % Correct
He is Keith's favorite studentkeith
83.3%
He is keith's favorite athletic director TORY HARVEY
70.8%
When he does his rocky voice does he sound like himNO
62.5%
What is keith's NicknameRocky
37.5%
how long does Downs talk 15
16.7%
What letter comes after SNot T
16.7%
Who was Keith's favorite teacher in 1986Steve Tracy
12.5%
What Book is he an editor ofACCOUNTING 1
12.5%
Whats his longest streak in guessing the morning announcments speaker-2
12.5%
Is Duke the best basketball team everMicheal Jordan
4.2%

You're not logged in!

Compare scores with friends on all Sporcle quizzes.
Sign Up with Email
OR
Log In

You Might Also Like...

Show Comments

Extras

Top Quizzes Today


Score Distribution

Your Account Isn't Verified!

In order to create a playlist on Sporcle, you need to verify the email address you used during registration. Go to your Sporcle Settings to finish the process.